00591nam a2200157 a 450000100100000000500170001000800410002704000250006808200140009324500650010726000680017230000280024070000360026895201120030499900170041600003633920200930075657.0120113s1947 xxua 000 0 spa d aDO-SdBNPbspacBNPHU axxxbA51204aThe american woman´s cook book /cEdited Ruth Berolzheimer. aChicago, Estados Unidos :bConsolidated Book Publishers,c1947. a824 p. :bil. ;c22 cm.1 aBerolzheimer, Ruth,eed.962509 001050718MOaGRbGRcCTd2012-01-13iLF1l0oxxx A512p36340-10r2020-06-25w2020-06-25y1ZNo se presta c35830d35830